WATER SUPPLY & SENITARY ENGINEERING (Record no. 714047)

MARC details
000 -LEADER
fixed length control field 00270nam a2200097Ia 4500
008 - FIXED-LENGTH DATA ELEMENTS--GENERAL INFORMATION
fixed length control field 230508s2010 xx 000 0 und d
041 ## - LANGUAGE CODE
Language code of text/sound track or separate title eng
100 ## - MAIN ENTRY--PERSONAL NAME
Personal name G. S. BIRDIE / I. S. BIRDIE.
245 ## - TITLE STATEMENT
Title WATER SUPPLY & SENITARY ENGINEERING
260 ## - PUBLICATION, DISTRIBUTION, ETC.
Name of publisher, distributor, etc. DHANPAT RAI PUBLISHI
Date of publication, distribution, etc. 2010

No items available.